Państwa Unii Europejskiej - Nagła śmierć - Statystyki

Ogólne statystyki
  • Ten quiz został rozwiązany 47 razy
  • Średni wynik to 19 z 27
Answers on the Grid
Answers color-coded by a green-red scale on the quiz's grid according to % correct below.
Albania
Andora
Armenia
Austria
Azerbejdżan
Belgia
Białoruś
Bośnia i Hercegowina
Bułgaria
Chorwacja
Cypr
Czarnogóra
Czechy
Dania
Estonia
Finlandia
Francja
Grecja
Gruzja
Hiszpania
Holandia
Irlandia
Islandia
Kosowo
Liechtenstein
Litwa
Łotwa
Luksemburg
Macedonia Północna
Malta
Mołdawia
Monako
Niemcy
Norwegia
Polska
Portugalia
Rosja
Rumunia
San Marino
Serbia
Słowacja
Słowenia
Szwajcaria
Szwecja
Turcja
Ukraina
Watykan
Węgry
Wielka Brytania
Włochy
 
Statystyki odpowiedzi
Odpowiedź % Poprawnych
Francja
92%
Austria
88%
Czechy
88%
Hiszpania
88%
Holandia
88%
Belgia
79%
Chorwacja
79%
Dania
79%
Grecja
79%
Niemcy
79%
Polska
79%
Portugalia
79%
Finlandia
67%
Irlandia
67%
Słowacja
67%
Włochy
67%
Estonia
63%
Słowenia
63%
Litwa
58%
Łotwa
58%
Luksemburg
58%
Węgry
58%
Bułgaria
54%
Rumunia
54%
Cypr
46%
Szwecja
46%
Malta
42%
Nie znaleziono quizów pasujących do podanych kryteriów
Rozkład punktacji
Procent ludzi z każdym wynikiem
Percentyl według liczby udzielonych odpowiedzi
Twoja historia wyników
Nie rozwiązałeś tego quizu